000 00554nam a2200193Ia 4500
005 20250326141316.0
008 250326s9999 xx 000 0 und d
020 _a0-333-54565-6
037 _aTextbook
040 _aFMSL
_beng
_cFMSL
041 _aeng
_2eng
084 _aX.43 N4
_qFMSL
100 _aBrown R.a.
_9744137
245 0 _aCapital and enteepreneurship in south-east Asia
_cBrown R.a.
260 _aUnited Kingdom
_bUnited Kingdom, Macmillan
_c1994
300 _axiv,302
942 _cTB
_hX.43 N4
999 _c1289707
_d1289707